书目信息 |
| 题名: |
论人性异化人道主义
|
|
| 作者: | 马克思恩格斯列宁斯大林 | |
| 分册: | ||
| 出版信息: | 北京 清华大学出版社 1983 |
|
| 页数: | 398页 | |
| 开本: | 20cm | |
| 丛书名: | ||
| 单 册: | ||
| 中图分类: | A | |
| 科图分类: | ||
| 主题词: | ||
| 电子资源: | ||
| ISBN: | ||
| 000 | 00546nam0 2200169 450 | |
| 001 | 0728815141 | |
| 005 | 20070906095435.04 | |
| 010 | @dCNY1.30 | |
| 100 | @a20070819d km y0chiy0120 ea | |
| 101 | 0 | @achi |
| 200 | 1 | @a论人性异化人道主义@Alun ren xing yi hua ren dao zhu yi@f马克思恩格斯列宁斯大林@Fma ke si en ge si lie ning si da lin |
| 210 | @a北京@c清华大学出版社@d1983 | |
| 215 | @a398页@d20cm | |
| 690 | @aA@v3 | |
| 701 | 0 | @a马克思恩格斯列宁斯大林@Ama ke si en ge si lie ning si da lin |
| 801 | 0 | @aCN@bPFT@c20070906 |
| 905 | @a213230@dA@eZW7@f1 | |
| 论人性异化人道主义/马克思恩格斯列宁斯大林.-北京:清华大学出版社,1983 |
| 398页;20cm |
| ISBN :CNY1.30 |
| ● |
| 相关链接 |
|
|
|
|
正题名:论人性异化人道主义
索取号:A/ZW7
 
预约/预借
| 序号 | 登录号 | 条形码 | 馆藏地/架位号 | 状态 | 备注 |
| 1 | 7600009 | 276000097 | 密集书库-文学院/ [索取号:A/ZW7] | 在馆 | |
| 2 | 7600010 | 276000104 | 密集书库-文学院/ [索取号:A/ZW7] | 在馆 |